Talaveras de Puebla (Record no. 1672)

MARC details
000 -CABECERA
campo de control de longitud fija 01024nam a2200241 a 4500
001 - NÚMERO DE CONTROL
campo de control BRCA_1898
005 - FECHA Y HORA DE LA ÚLTIMA TRANSACCIÓN
campo de control 20190320203608.0
008 - DATOS DE LONGITUD FIJA--INFORMACIÓN GENERAL
campo de control de longitud fija 110408s2007----sp-a---###---#000-0#spa-#
020 ## - NÚMERO INTERNACIONAL ESTÁNDAR DEL LIBRO
Número Internacional Estándar del Libro 9788497853804
050 #4 - SIGNATURA TOPOGRÁFICA DE LA BIBLIOTECA DEL CONGRESO
Número de clasificación NK4340.T3
Número de documento/Ítem .T35 2007
245 10 - MENCIÓN DE TÍTULO
Título Talaveras de Puebla
Resto del título cerámica colonial mexicana : siglos XVII a XXI.
260 ## - PUBLICACIÓN, DISTRIBUCIÓN, ETC.
Lugar de publicación, distribución, etc. Madrid
Nombre del editor, distribuidor, etc. Museu de Ceràmica : Gobierno del Estado de Puebla
Fecha de publicación, distribución, etc. 2007
300 ## - DESCRIPCIÓN FÍSICA
Extensión 143 p.
Otras características físicas il. a color, fotografías
Dimensiones 27 cm.
500 ## - NOTA GENERAL
Nota general Catálogo de la exposición realizada en el Museu de Ceràmica (Barcelona), 2007
500 ## - NOTA GENERAL
Nota general Incluye piezas de la colección Franz Mayer: p. 63-91
504 ## - NOTA DE BIBLIOGRAFÍA, ETC.
Nota de bibliografía, etc. Bibliografía: p. 117
546 ## - NOTA DE LENGUA/LENGUAJE
Nota de lengua/lenguaje Texto en español e inglés
610 24 - PUNTO DE ACCESO ADICIONAL DE MATERIA--NOMBRE DE ENTIDAD CORPORATIVA
Nombre de entidad corporativa o nombre de jurisdicción como elemento de entrada Real Fábrica de loza y porcelana de Alcora
Subdivisión general Talleres de alfarería
Subdivisión cronológica Siglo XVIII
Subdivisión geográfica España
9 (RLIN) 5860
610 24 - PUNTO DE ACCESO ADICIONAL DE MATERIA--NOMBRE DE ENTIDAD CORPORATIVA
Nombre de entidad corporativa o nombre de jurisdicción como elemento de entrada Museu de Cerámica
Subdivisión de forma Exposiciones
Subdivisión geográfica Barcelona
9 (RLIN) 5861
650 14 - PUNTO DE ACCESO ADICIONAL DE MATERIA--TÉRMINO DE MATERIA
Término de materia o nombre geográfico como elemento de entrada Talavera
Subdivisión cronológica Siglos XII a XXI
Subdivisión geográfica Puebla, México
9 (RLIN) 5862
650 14 - PUNTO DE ACCESO ADICIONAL DE MATERIA--TÉRMINO DE MATERIA
Término de materia o nombre geográfico como elemento de entrada Cerámica esmaltada
Subdivisión geográfica Puebla, México
9 (RLIN) 5863
942 ## - ELEMENTOS DE PUNTO DE ACCESO ADICIONAL (KOHA)
Fuente del sistema de clasificación o colocación Library of Congress Classification
Tipo de ítem Koha Libros
Holdings
Estado de retiro Estado de pérdida Estado dañado No para préstamo Localización permanente Ubicación/localización actual Fecha de adquisición Total de préstamos Signatura topográfica completa Código de barras Fecha visto por última vez Precio válido a partir de Tipo de ítem Koha
El ejemplar forma parte de la colección y puede ser consultado según las políticas vigentes.       Biblioteca del Museo Franz Mayer (Rogerio Casas-Alatriste) Biblioteca del Museo Franz Mayer (Rogerio Casas-Alatriste) 30/07/2008   NK4340.T3 .T35 2007 00815 22/03/2019 22/03/2019 Libros